Most Populated State Capitals - Statistics

General Stats
  • This quiz has been taken 40 times
  • The average score is 9 of 10
Answer Stats
Population City % Correct
521,769 Sacramento
97%
988,218 Austin
93%
734,134 Denver
90%
1,703,080 Phoenix
90%
710,195 Boston
87%
875,929 Indianapolis
87%
673,167 Nashville
87%
523,738 Atlanta
83%
922,223 Columbus
80%
655,407 Oklahoma City
77%
No matching quizzes found
Score Distribution
Percent of People with Each Score
Percentile by Number Answered
Your Score History
You have not taken this quiz